000 00702nas a2200253 4500
001 BR8502845
003 BR-BrBNA
005 20231205090215.0
007 ta
008 230509b bl.|||p| |||| 00| 00por d
040 _aBR-BrBNA
_bpor
_cBiblioteca Nacional de Agricultura
041 _a(Pt)
072 _aH10
100 1 _aTonhasca Junior, A.
245 1 _aManejo integrado de pragas
650 _aLAGARTA
650 _aPERCEVEJO
650 _aBROCA
650 _aCONTROLE QUIMICO
650 _aCONTROLE BIOLOGICO
773 0 _tCasa da Agricultura (Brazil)
_xISSN 0100-6541
_g(Mar-Apr 1985), v. 7(2) p. 26-31
_wBR8502845
909 _a202311
_bLúcia
_c55
_dLúcia Elande
942 _2AGRIS
_n0
_cANA
999 _c116811
_d116811